000 00953nam a2200241Ia 4500
003 OSt
005 20220923211157.0
006 a|||||r|||| 00| 0
007 ta
008 220922b |||||||| |||| 00| 0 san d
020 _a8187883235
_c450
024 _a266,262
037 _b64, 28/06/2012, Eastern Book Linkers
_cTextual
040 _aARTS
_cARTS
_bsan
041 _2san
_asan
082 _aO15,2N28:g, 152P5
100 _aशाण्डिल्य, राज कुमार
_9159191
245 0 _aआचार्य मथुरादत्त पाण्डेय कृत एकाड प×चदशी का अनुशीलन
246 _aĀchārya mathurādatta pāṇḍeya kṛut ekāḍ pa×chadashī kā anushīlana
260 _c2005
942 _hO15,2N28:g, 152P5
_cTEXL
_2CC
999 _c296378
_d296378